000
00287nam a22001217a 4500
008
260318b ||||| |||| 00| 0 eng d
041
_a
Shqip
080
_a
2.1
100
_a
19
101
_a
ekonomi
245
_a
Buletini i Bilancit te Pagfesave
_c
Banka e Shqiperisë
942
_2
udc
_c
BK
999
_c
60911
_d
60911